Sonda do japonskej poézie

Bibliographic Details
Main Author: Haugová, Mila, 1942- (Author)
Format: Article
Language:Slovak
Subjects:

MARC

LEADER 00000nab a2200000 a 4500
001 vtls000177464
003 SK-MaSNL
005 20260302202148.0
008 140423c1984 xo 0 slo
015 |a SNBRB19rr/mm-uuuuu 
035 |a CL0187577 
040 |a SNKBUCL  |b slo  |c SNKBUCL  |e AACR2 
041 0 |a slo 
044 |a xo  |c SK 
080 |a 82(091):895.6-1"19"  |2 1981 
080 |a 895.6-1"19"  |2 1981 
080 |a 895.6-1(091)  |2 1981 
100 1 |a Haugová, Mila,  |d 1942-  |4 aut  |9 90543 
245 1 0 |a Sonda do japonskej poézie  |c Mila Haugová 
650 0 7 |a japonská poézia  |2 SNKPH  |9 83516 
655 7 |a články z novín a časopisov  |2 snkbucl  |9 267496 
655 7 |a články z odboru literárna veda a krásna literatúra  |2 snkbucl  |9 770045 
773 0 |t Revue svetovej literatúry  |g Roč. 20, č. 2 (1984), s. 139 
850 |a Slovenská národná knižnica v Martine  |a MTA001 
852 |a SNK  |b KIS3GCP 
958 |a RK 
958 |a LX 
999 |c 1463713  |d 1465643